000 00615nam a2200181 a 4500
005 20140414132122.0
008 121010s19uu xx 00 eng d
050 _aM 398.2
_bMc479 1997
100 _aMckie, Anne
245 _aA Treasury of favourite tales.
260 _aLondon :
_bGrandreams Limited,
_c1992.
300 _a96
500 _aGulliver's travels. The Frog prince. Cinderella. Ali Baba. The Emperor's new clothes. Rumpelstiltskin. The Little tin soldier. Thumbelina.
650 _aFairy tales-fiction-compilation.
700 _aKen Mckie (illustrator)
999 _c115096
_d115096